<?xml version="1.0" encoding="UTF-8"?>
<record
    xmlns:xsi="http://www.w3.org/2001/XMLSchema-instance"
    xsi:schemaLocation="http://www.loc.gov/MARC21/slim http://www.loc.gov/standards/marcxml/schema/MARC21slim.xsd"
    xmlns="http://www.loc.gov/MARC21/slim">

  <leader>00708nam a22001577a 4500</leader>
  <controlfield tag="003">OSt</controlfield>
  <controlfield tag="005">20151024161530.0</controlfield>
  <controlfield tag="008">151024b        xxu||||| |||| 00| 0 eng d</controlfield>
  <datafield tag="040" ind1=" " ind2=" ">
    <subfield code="c">RUA</subfield>
  </datafield>
  <datafield tag="082" ind1=" " ind2=" ">
    <subfield code="a">AVM CHA 2013 B106 Or.1</subfield>
  </datafield>
  <datafield tag="100" ind1=" " ind2=" ">
    <subfield code="9">2828</subfield>
    <subfield code="a">CHAN, SOBIN.</subfield>
  </datafield>
  <datafield tag="245" ind1=" " ind2=" ">
    <subfield code="a">the survey on chicken infectious diseases at porsenchey district, phnom penh (&#x200B;&#x1780;&#x17B6;&#x179A;&#x17A2;&#x1784;&#x17D2;&#x1780;&#x17C1;&#x178F;&#x1787;&#x17C6;&#x1784;&#x17BA;&#x1786;&#x17D2;&#x179B;&#x1784;&#x178A;&#x17C2;&#x179B;&#x1787;&#x17BC;&#x1794;&#x17D2;&#x179A;&#x1791;&#x17C7;&#x179B;&#x17BE;&#x1798;&#x17B6;&#x1793;&#x17CB;&#x1785;&#x17B7;&#x1789;&#x17D2;&#x1785;&#x17B9;&#x1798;&#x1787;&#x17B6;&#x179B;&#x1780;&#x17D2;&#x1781;&#x178E;&#x17C8;&#x1782;&#x17D2;&#x179A;&#x17BD;&#x179F;&#x17B6;&#x179A; &#x1793;&#x17C5;&#x1781;&#x178E;&#x17D2;&#x178C;&#x1796;&#x17C4;&#x1792;&#x17B7;&#x17CD;&#x179F;&#x17C2;&#x1793;&#x1787;&#x17D0;&#x1799; &#x179A;&#x17B6;&#x1787;&#x1792;&#x17B6;&#x1793;&#x17B8;&#x1797;&#x17C6;&#x17D2;&#x1793;&#x1796;&#x17C1;&#x1789;)</subfield>
  </datafield>
  <datafield tag="260" ind1=" " ind2=" ">
    <subfield code="a">Phnom Penh</subfield>
    <subfield code="b">RUA</subfield>
    <subfield code="c">2013</subfield>
  </datafield>
  <datafield tag="300" ind1=" " ind2=" ">
    <subfield code="a">viiii, 52p.</subfield>
    <subfield code="b">ill.</subfield>
    <subfield code="c">29cm.</subfield>
  </datafield>
  <datafield tag="942" ind1=" " ind2=" ">
    <subfield code="2">ddc</subfield>
    <subfield code="c">AVM</subfield>
  </datafield>
  <datafield tag="999" ind1=" " ind2=" ">
    <subfield code="c">2647</subfield>
    <subfield code="d">2647</subfield>
  </datafield>
  <datafield tag="952" ind1=" " ind2=" ">
    <subfield code="0">0</subfield>
    <subfield code="1">0</subfield>
    <subfield code="2">ddc</subfield>
    <subfield code="4">0</subfield>
    <subfield code="6">AVM_CHA_2013_000000000000000_B106_OR_1</subfield>
    <subfield code="7">0</subfield>
    <subfield code="9">12400</subfield>
    <subfield code="a">LBB</subfield>
    <subfield code="b">LBB</subfield>
    <subfield code="c">B106</subfield>
    <subfield code="d">2015-10-24</subfield>
    <subfield code="l">2</subfield>
    <subfield code="o">AVM CHA 2013 B106 Or.1</subfield>
    <subfield code="p">RUA016259</subfield>
    <subfield code="r">2016-11-01</subfield>
    <subfield code="s">2016-10-11</subfield>
    <subfield code="w">2015-10-24</subfield>
    <subfield code="y">AVM</subfield>
  </datafield>
  <datafield tag="952" ind1=" " ind2=" ">
    <subfield code="0">0</subfield>
    <subfield code="1">0</subfield>
    <subfield code="2">ddc</subfield>
    <subfield code="4">0</subfield>
    <subfield code="6">AVM_CHA_2013_000000000000000_B106_OR_2</subfield>
    <subfield code="7">0</subfield>
    <subfield code="9">12401</subfield>
    <subfield code="a">LBB</subfield>
    <subfield code="b">LBB</subfield>
    <subfield code="c">B106</subfield>
    <subfield code="d">2015-10-24</subfield>
    <subfield code="o">AVM CHA 2013 B106 Or.2</subfield>
    <subfield code="p">RUA016331</subfield>
    <subfield code="r">2015-10-24</subfield>
    <subfield code="w">2015-10-24</subfield>
    <subfield code="y">AVM</subfield>
  </datafield>
  <datafield tag="952" ind1=" " ind2=" ">
    <subfield code="0">0</subfield>
    <subfield code="1">0</subfield>
    <subfield code="2">ddc</subfield>
    <subfield code="4">0</subfield>
    <subfield code="6">AVM_CHA_2013_000000000000000_B106_OR_3</subfield>
    <subfield code="7">0</subfield>
    <subfield code="9">12402</subfield>
    <subfield code="a">LBB</subfield>
    <subfield code="b">LBB</subfield>
    <subfield code="c">B106</subfield>
    <subfield code="d">2015-10-24</subfield>
    <subfield code="l">2</subfield>
    <subfield code="m">1</subfield>
    <subfield code="o">AVM CHA 2013 B106 Or.3</subfield>
    <subfield code="p">RUA016403</subfield>
    <subfield code="r">2023-01-16</subfield>
    <subfield code="s">2023-01-03</subfield>
    <subfield code="w">2015-10-24</subfield>
    <subfield code="y">AVM</subfield>
  </datafield>
  <datafield tag="952" ind1=" " ind2=" ">
    <subfield code="0">0</subfield>
    <subfield code="1">0</subfield>
    <subfield code="2">ddc</subfield>
    <subfield code="4">0</subfield>
    <subfield code="6">AVM_CHA_2013_000000000000000_B106_OR_4</subfield>
    <subfield code="7">0</subfield>
    <subfield code="9">12403</subfield>
    <subfield code="a">LBB</subfield>
    <subfield code="b">LBB</subfield>
    <subfield code="c">B106</subfield>
    <subfield code="d">2015-10-24</subfield>
    <subfield code="l">1</subfield>
    <subfield code="o">AVM CHA 2013 B106 Or.4</subfield>
    <subfield code="p">RUA016475</subfield>
    <subfield code="r">2019-01-28</subfield>
    <subfield code="s">2019-01-04</subfield>
    <subfield code="w">2015-10-24</subfield>
    <subfield code="y">AVM</subfield>
  </datafield>
  <datafield tag="952" ind1=" " ind2=" ">
    <subfield code="0">0</subfield>
    <subfield code="1">0</subfield>
    <subfield code="2">ddc</subfield>
    <subfield code="4">0</subfield>
    <subfield code="6">AVM_CHA_2013_000000000000000_B106_OR_5</subfield>
    <subfield code="7">0</subfield>
    <subfield code="9">12404</subfield>
    <subfield code="a">LBB</subfield>
    <subfield code="b">LBB</subfield>
    <subfield code="c">B106</subfield>
    <subfield code="d">2015-10-24</subfield>
    <subfield code="o">AVM CHA 2013 B106 Or.5</subfield>
    <subfield code="p">RUA009805</subfield>
    <subfield code="r">2015-10-24</subfield>
    <subfield code="w">2015-10-24</subfield>
    <subfield code="y">AVM</subfield>
  </datafield>
  <datafield tag="952" ind1=" " ind2=" ">
    <subfield code="0">0</subfield>
    <subfield code="1">0</subfield>
    <subfield code="2">ddc</subfield>
    <subfield code="4">0</subfield>
    <subfield code="6">AVM_CHA_2013_000000000000000_B106_OR_6</subfield>
    <subfield code="7">0</subfield>
    <subfield code="9">12405</subfield>
    <subfield code="a">LBB</subfield>
    <subfield code="b">LBB</subfield>
    <subfield code="c">B106</subfield>
    <subfield code="d">2015-10-24</subfield>
    <subfield code="l">1</subfield>
    <subfield code="o">AVM CHA 2013 B106 Or.6</subfield>
    <subfield code="p">RUA015373</subfield>
    <subfield code="r">2017-01-23</subfield>
    <subfield code="s">2017-01-16</subfield>
    <subfield code="w">2015-10-24</subfield>
    <subfield code="y">AVM</subfield>
  </datafield>
  <datafield tag="952" ind1=" " ind2=" ">
    <subfield code="0">0</subfield>
    <subfield code="1">0</subfield>
    <subfield code="2">ddc</subfield>
    <subfield code="4">0</subfield>
    <subfield code="6">AVM_CHA_2013_000000000000000_B106_OR_7</subfield>
    <subfield code="7">0</subfield>
    <subfield code="9">12406</subfield>
    <subfield code="a">LBB</subfield>
    <subfield code="b">LBB</subfield>
    <subfield code="c">B106</subfield>
    <subfield code="d">2015-10-24</subfield>
    <subfield code="o">AVM CHA 2013 B106 Or.7</subfield>
    <subfield code="p">RUA015445</subfield>
    <subfield code="r">2015-10-24</subfield>
    <subfield code="w">2015-10-24</subfield>
    <subfield code="y">AVM</subfield>
  </datafield>
  <datafield tag="952" ind1=" " ind2=" ">
    <subfield code="0">0</subfield>
    <subfield code="1">0</subfield>
    <subfield code="2">ddc</subfield>
    <subfield code="4">0</subfield>
    <subfield code="6">AVM_CHA_2013_000000000000000_B106_OR_8</subfield>
    <subfield code="7">0</subfield>
    <subfield code="9">12407</subfield>
    <subfield code="a">LBB</subfield>
    <subfield code="b">LBB</subfield>
    <subfield code="c">B106</subfield>
    <subfield code="d">2015-10-24</subfield>
    <subfield code="l">1</subfield>
    <subfield code="o">AVM CHA 2013 B106 Or.8</subfield>
    <subfield code="p">RUA008753</subfield>
    <subfield code="r">2016-10-07</subfield>
    <subfield code="s">2016-09-13</subfield>
    <subfield code="w">2015-10-24</subfield>
    <subfield code="y">AVM</subfield>
  </datafield>
  <datafield tag="952" ind1=" " ind2=" ">
    <subfield code="0">0</subfield>
    <subfield code="1">0</subfield>
    <subfield code="2">ddc</subfield>
    <subfield code="4">0</subfield>
    <subfield code="6">AVM_CHA_2013_000000000000000_B1_238_OR_1</subfield>
    <subfield code="7">0</subfield>
    <subfield code="9">79165</subfield>
    <subfield code="a">LBB</subfield>
    <subfield code="b">LBB</subfield>
    <subfield code="c">B1.238</subfield>
    <subfield code="d">2019-06-29</subfield>
    <subfield code="o">AVM CHA 2013 B1.238 Or.1</subfield>
    <subfield code="p">A37390</subfield>
    <subfield code="r">2019-06-29</subfield>
    <subfield code="w">2019-06-29</subfield>
    <subfield code="y">AVM</subfield>
  </datafield>
  <datafield tag="952" ind1=" " ind2=" ">
    <subfield code="0">0</subfield>
    <subfield code="1">0</subfield>
    <subfield code="2">ddc</subfield>
    <subfield code="4">0</subfield>
    <subfield code="6">AVM_CHA_2013_000000000000000_B1_238_OR_1</subfield>
    <subfield code="7">0</subfield>
    <subfield code="9">79194</subfield>
    <subfield code="a">LBB</subfield>
    <subfield code="b">LBB</subfield>
    <subfield code="c">B1.238</subfield>
    <subfield code="d">2019-06-29</subfield>
    <subfield code="o">AVM CHA 2013 B1.238 Or.1</subfield>
    <subfield code="p">A37781</subfield>
    <subfield code="r">2019-06-29</subfield>
    <subfield code="w">2019-06-29</subfield>
    <subfield code="y">AVM</subfield>
  </datafield>
</record>
